2023-2024 Legal Aptitude Workbook/ (Record no. 203609)

MARC details
000 -LEADER
fixed length control field 00620nam a22001937a 4500
005 - DATE AND TIME OF LATEST TRANSACTION
control field 20240614125713.0
010 ## - LCCN (DPL NO)
LC control number ENG-140619
020 ## - INTERNATIONAL STANDARD BOOK NUMBER
Terms of availability 595.00
International Standard Book Number 9789357050166
035 ## - SYSTEM CONTROL NUMBER
System control number EN-124151
037 ## - SOURCE OF ACQUISITION
Source of stock number/acquisition DBAD
082 ## - DEWEY DECIMAL CLASSIFICATION NUMBER
Classification number 340.11
Edition number 4
100 ## - MAIN ENTRY--PERSONAL NAME
Personal name Bhardwaj, AP
245 ## - TITLE STATEMENT
Title 2023-2024 Legal Aptitude Workbook/
Statement of responsibility, etc By AP Bhardwaj
250 ## - EDITION STATEMENT
Edition statement 4
260 ## - PUBLICATION, DISTRIBUTION, ETC. (IMPRINT)
Place of publication, distribution, etc Noida
Name of publisher, distributor, etc Pearson India Education Pvt Ltd
Date of publication, distribution, etc 2024
270 ## - ADDRESS
Address 1st Floor, Berger Tower, Plot No. C-001/2, Sector 16B
City Noida
Postal code 201301
Electronic mail address companysecretary.india@pearson.com
300 ## - PHYSICAL DESCRIPTION
Extent vp.
Dimensions 25cm(pbk)
942 ## - ADDED ENTRY ELEMENTS (KOHA)
Source of classification or shelving scheme Dewey Decimal Classification
Item type English Books
Classification part 340.11
Call number suffix BHA
Edition 4

No items available.


© Delhi Public Library
Hit Counter
free hit counter